Normal view
MARC view
Entry Corporate Name
001 - CONTROL NUMBER
- control field: 851981
003 - CONTROL NUMBER IDENTIFIER
- control field:
005 - DATE AND TIME OF LATEST TRANSACTION
- control field: 20210627083437.0
008 - FIXED-LENGTH DATA ELEMENTS
- fixed length control field: 210627|| aca||aabn | a|a d
040 ## - CATALOGING SOURCE
- Original cataloging agency:
- Transcribing agency:
110 ## - HEADING--CORPORATE NAME
- Corporate name or jurisdiction name as entry element: Institute for Sex Research.
- Title of a work: Sexual behavior in the human female
670 ## - SOURCE DATA FOUND
- Source citation: Work cat.: ()735761: An analysis of the Kinsey reports on sexual behavior in the human male and female /, 1954
